<?xml version="1.0" encoding="UTF-8"?><?xml-stylesheet type="text/xsl" href="static/style.xsl"?><OAI-PMH xmlns="http://www.openarchives.org/OAI/2.0/" xmlns:xsi="http://www.w3.org/2001/XMLSchema-instance" xsi:schemaLocation="http://www.openarchives.org/OAI/2.0/ http://www.openarchives.org/OAI/2.0/OAI-PMH.xsd"><responseDate>2026-06-04T01:52:20Z</responseDate><request verb="GetRecord" identifier="oai:riubu.ubu.es:10259/11776" metadataPrefix="marc">https://riubu.ubu.es/oai/request</request><GetRecord><record><header><identifier>oai:riubu.ubu.es:10259/11776</identifier><datestamp>2026-06-02T06:25:43Z</datestamp><setSpec>com_10259_5786</setSpec><setSpec>com_10259_5086</setSpec><setSpec>com_10259_2604</setSpec><setSpec>com_10259_4839</setSpec><setSpec>col_10259_5787</setSpec><setSpec>col_10259_4840</setSpec></header><metadata><record xmlns="http://www.loc.gov/MARC21/slim" xmlns:doc="http://www.lyncode.com/xoai" xmlns:xsi="http://www.w3.org/2001/XMLSchema-instance" xmlns:dcterms="http://purl.org/dc/terms/" xsi:schemaLocation="http://www.loc.gov/MARC21/slim http://www.loc.gov/standards/marcxml/schema/MARC21slim.xsd">
<leader>00925njm 22002777a 4500</leader>
<datafield tag="042" ind1=" " ind2=" ">
<subfield code="a">dc</subfield>
</datafield>
<datafield tag="720" ind1=" " ind2=" ">
<subfield code="a">Ausín Villaverde, Vanesa</subfield>
<subfield code="e">author</subfield>
</datafield>
<datafield tag="720" ind1=" " ind2=" ">
<subfield code="a">Abella García, Víctor</subfield>
<subfield code="e">author</subfield>
</datafield>
<datafield tag="720" ind1=" " ind2=" ">
<subfield code="a">Delgado Benito, Vanesa</subfield>
<subfield code="e">author</subfield>
</datafield>
<datafield tag="720" ind1=" " ind2=" ">
<subfield code="a">Hortigüela Alcalá, David</subfield>
<subfield code="e">author</subfield>
</datafield>
<datafield tag="260" ind1=" " ind2=" ">
<subfield code="c">2016-06</subfield>
</datafield>
<datafield tag="520" ind1=" " ind2=" ">
<subfield code="a">Este artículo presenta una experiencia de innovación docente a través de Aprendizaje Basado en Proyectos y la utilización de las Tecnologías de la Información y la Comunicación. El objetivo del proyecto ha sido la creación colaborativa de una radio educativa a través de podcast. La experiencia se ha llevado a cabo con 52 estudiantes del Grado en Pedagogía de la Universidad de Burgos en España. Se realizó una entrevista a un experto en torno al tema TIC y Educación por parte de distintos grupos de los 52 estudiantes. Al finalizar el proyecto el alumnado respondió a un cuestionario elaborado ad hoc para conocer la valoración, utilidad y satisfacción sobre el mismo. Los resultados muestran un alto grado de satisfacción con la creación de una radio educativa y con la utilidad educativa del proyecto. La valoración más positiva está relacionada con el aprendizaje colaborativo y el trabajo en grupo</subfield>
</datafield>
<datafield tag="520" ind1=" " ind2=" ">
<subfield code="a">This article shows a new educational experience within the concept of Project-Based Learning and the use of Information and Communications Technologies. The essence of the project was to create a collaborative educational radio program via podcast. Fifty two students, of the Degree in Pedagogy at the University of Burgos in Spain, separated in several groups, got involved in this this experience. Each working group interviewed an expert in some of the subjects related with ICT and Education. Once the project finished, the students answered a test to evaluate the utility and satisfaction with the experiment. According to the results, they are really satisfied with the radio program created and all of them agree on the usefulness of the project itself. Collaborative learning and team working are the most positive aspects of the experience</subfield>
</datafield>
<datafield tag="024" ind2=" " ind1="8">
<subfield code="a">https://hdl.handle.net/10259/11776</subfield>
</datafield>
<datafield tag="024" ind2=" " ind1="8">
<subfield code="a">10.4067/S0718-50062016000300005</subfield>
</datafield>
<datafield tag="024" ind2=" " ind1="8">
<subfield code="a">0718-5006</subfield>
</datafield>
<datafield ind1=" " ind2=" " tag="653">
<subfield code="a">Aprendizaje basado en proyectos</subfield>
</datafield>
<datafield ind1=" " ind2=" " tag="653">
<subfield code="a">Tecnologías de la información y la comunicación</subfield>
</datafield>
<datafield ind1=" " ind2=" " tag="653">
<subfield code="a">Innovación educativa</subfield>
</datafield>
<datafield ind1=" " ind2=" " tag="653">
<subfield code="a">Educación superior</subfield>
</datafield>
<datafield ind1=" " ind2=" " tag="653">
<subfield code="a">Project based learning</subfield>
</datafield>
<datafield ind1=" " ind2=" " tag="653">
<subfield code="a">Information and communication technologies</subfield>
</datafield>
<datafield ind1=" " ind2=" " tag="653">
<subfield code="a">Educational innovation</subfield>
</datafield>
<datafield ind1=" " ind2=" " tag="653">
<subfield code="a">Higher education</subfield>
</datafield>
<datafield tag="245" ind1="0" ind2="0">
<subfield code="a">Aprendizaje Basado en Proyectos a través de las TIC: Una Experiencia de Innovación Docente desde las Aulas Universitarias</subfield>
</datafield>
</record></metadata></record></GetRecord></OAI-PMH>